000 00606nam a22001817a 4500
999 _c262776
_d262775
003 OSt
005 20240207105926.0
008 240207b xxu||||| |||| 00| 0 eng d
010 _a60006370
020 _a 0060242558
040 _cDLC
050 _a PZ7
_b .M652 1960
100 _a Minarik, Else Holmelund,
_e author.
245 _a Little Bear's friend /
_cby Else Holmelund Minarik ; pictures by Maurice Sendak ; by the author and artist of Little Bear.
260 _aNew York :
_bHarper & Brothers, publishers,
_c[1960]
300 _a57 pages :
_bcolor illustrations ;
_c23 cm.
942 _2lcc
_cBK